000
00206nam a2200097Ia 4500
008
240331s9999 xx 000 0 und d
082
_b
VED
100
_a
Vedachalam, V
245
0
_a
Iyakki valipadu
942
_c
L
999
_c
2132
_d
2132